000 01493cam a22004097a 4500
001 2626
005 20240105124711.0
020 _a9780545391276
020 _a054539127X
020 _a9780545507059
020 _a0545507057 (pbk.)
040 _aBTCTA
_beng
_cBTCTA
_dBDX
_dIHI
_dBKX
_dUIU
_dVHP
_dYDXCP
_dDLC
050 0 0 _aPZ7.K56475
_bLg 2012
082 0 4 _a813.54
_223
100 1 _aKimmel, Elizabeth Cody
245 1 0 _aLegend of the ghost dog /
_cElizabeth Cody Kimmel.
250 _aThis edition first printing, September 2012
260 _aNew York :
_bScholastic Press,
_c2012
300 _a200 pages ;
_c20 cm.
500 _a"This edition is available for distribution only through the school market"--Cover verso.
505 _aM
520 _aWith her beagle Henry and her new friend Quin, twelve-year-old Tee is determined to solve the mystery of "the Shadow", the ghostly animal that is believed to haunt the Alaskan wilderness near her new home in Nome.
521 _a730
_bLexile
521 _aM
_bRaz-Plus
650 0 _aDogs
_vJuvenile fiction.
650 0 _aSpirits
_vJuvenile fiction.
650 0 _aLegends
_vJuvenile fiction.
650 0 _aDetective and mystery stories.
650 1 _aDogs
_vFiction.
650 1 _aSpirits
_vFiction.
650 1 _aGhosts
_vFiction.
655 0 _aGhost stories.
655 1 _aMystery and detective stories.
655 7 _aMystery fiction.
_2gsafd
906 _a7
_bcbc
_ccopycat
_d2
_encip
_f20
_gy-gencatlg
942 _2ddc
_cBK
_n0
999 _c2626
_d2626